[Event "Copa del Mundo"]
[Site "Khanty Mansyisk RUS"]
[Date "2005.11.27"]
[Round "1.2"]
[White "Motylev, Alexander"]
[Black "Roiz, Michael"]
[Result "1-0"]
[WhiteElo "2632"]
[BlackElo "2600"]
[Annotator "Ubilava, E"]
[PlyCount "49"]
[EventDate "2005.11.27"]
[Source "EDAMI"]
[SourceDate "2006.12.20"]

{He seleccionado este corto encuentro por el sorprendente concepto que
muestran las blancas para crear un ataque relámpago en el flanco del rey. Por
supuesto, el método que utiliza Motylev para crear tensión en dicho flanco, es
conocido de sobra. Pero que funcionara en la sólida variante Rubinstein
planteada por las negras, es muy poco común.} 1. e4 e6 2. d4 d5 3. Nc3 dxe4 4.
Nxe4 Nd7 5. Nf3 Ngf6 6. Nxf6+ Nxf6 7. c3 Be7 8. Qa4+ {Este sofisticado jaque
debe servir para ganar tiempo y forzar a las negras a enrocarse lo antes
posible.} c6 {
Aquí tenemos un fragmento de la partida entre dos conocidos jugadores:} (8...
Bd7 9. Qb3 Bc8 10. Bb5+ c6 11. Be2 (11. Bd3 $1 {
nos lleva casi a la misma posición que la partida que estamos comentando})
11... O-O 12. O-O Qc7 13. Ne5 Bd6 14. Bf4 Nd7 15. Nxd7 Bxd7 16. Bxd6 Qxd6 17.
Bf3 Rab8 18. Rad1 Rfd8 19. c4 e5 20. Qe3 exd4 21. Rxd4 Qf6 22. Rfd1 Re8 23. Qd2
{y los jugadores acordaron tablas, A.Grischuk-A.Morozevich, Sochi 2005}) 9. Bd3
O-O 10. Qc2 b6 11. Bg5 h6 {diagrama} 12. h4 $5 {Aunque esta jugada es muy
típica en  posiciones parecidas, me sorprende que en la presente pueda tener
tanta fuerza.} Bb7 13. Rh3 c5 {diagrama} 14. Bxh6 $5 {Como muestran los
análisis, el sacrificio de alfil no gana y es difícil especular sobre si el
gran maestro ruso traía previamente preparado este ataque sorpresa, teniendo
las tablas aseguradas, o lo calculó todo sobre el tablero.} c4 ({
Las negras no pueden tomar el alfil:} 14... gxh6 15. Qd2 $1 ({después de} 15.
Rg3+ Kh8 16. Qd2 Ng8 17. Rxg8+ Kxg8 18. Qxh6 f5 {sólo son tablas}) 15... Ng4 ({
si} 15... Bd6 16. Qxh6 {las negras no pueden sobrevivir en esta estructura y
deben perder antes o después.}) ({También pierde} 15... Be4 16. Rg3+ Kh7 17.
Ng5+ hxg5 18. Qxg5) 16. Rg3 f5 17. Qxh6 Rf7 18. Ne5 Bf8 19. Qg6+ Rg7 20. Qxe6+
Kh8 21. Qxf5 Nh6 22. Ng6+ {ganando}) 15. Bxg7 cxd3 ({
Roiz podía defenderse también después de} 15... Kxg7 $1 16. Rg3+ Kh8 17. Qd2
Ng8 18. Bc2 Bd6 {y las blancas deben forzar tablas} 19. Rxg8+ Kxg8 20. Qh6 f5
21. Qg6+) 16. Qd2 Kxg7 {En caso de} (16... Qd5 17. Bxf8 Qe4+ 18. Kf1 Bxf8 19.
Re1 Qh7 20. Ne5 Be4 21. Qg5+ Bg7 22. h5 Qh6 23. Qxh6 Bxh6 24. Nxd3 {
Motylev tendría ventaja material.}) 17. Rg3+ Ng4 ({Rápidamente pierde} 17...
Kh7 {por} 18. Ng5+ Kh8 19. Nxe6 $1) 18. Rxg4+ Kh7 19. Ng5+ Bxg5 20. Rxg5 Rh8 $2
({El error decisivo. Había que jugar} 20... Be4 21. Rh5+ Kg8 22. Qh6 f6 23. f3
Bf5 24. g4 Qd6 $3 {Ftitzi!} 25. gxf5 (25. O-O-O Qh2 26. Rd2 Qg1+ 27. Rd1 Qf2
28. Rd2 Qe1+ 29. Rd1 d2+ {y las negras están mejor} 30. Qxd2 Qxd2+ 31. Rxd2 Bg6
) 25... Qg3+ 26. Kd2 Qf2+ 27. Kxd3 Qxf3+ 28. Kc2 Qe2+ {con jaque continuo}) 21.
Qxd3+ f5 22. Qg3 Kh6 23. Rg6+ Kh5 24. Rg5+ Kh6 25. Rg7 1-0

[Event "Corus A"]
[Site "Wijk aan Zee NED"]
[Date "2006.01.16"]
[Round "3"]
[White "Gelfand, Boris"]
[Black "Adams, Michael"]
[Result "1-0"]
[WhiteElo "2723"]
[BlackElo "2707"]
[Annotator "Ubilava, E"]
[PlyCount "77"]
[EventDate "2006.01.14"]
[Source "EDAMI"]
[SourceDate "2006.12.20"]

{Este no fue el dia de Micky. Después de un sofisticado comienzo 4...Bb4+ 5.
Bd2 Be7 y  9...Nh5 10.Bc1 Nhf6 teníamos la esperanza de ver algo bastante
rotundo por parte de las negras para igualar la partida.Es verdad que Adams
intentó introducir una nueva interpretacion de la posición por medio de 12...
dxc4?! pero el plan del jugador británico no fue lo bastante elaborado para
contener la agresividad de las piezas blancas. La presión de las piezas
blancas sobre las casillas centrales fue tan molesta que Adams sacrificó el
peón central para construir una especie de fortaleza con el caballo en e6. El
gran maestro israelí mostró muy rápido que las ilusiones negras eran un
espejismo con su fuerte intervención 30.Rd6! y finalmente, la jugada 37...Qa2?
aceleró la derrota de Adams. Era mejor defenderse despues de 37...Qxe5, aunque
la posición podemos considerarla técnicamente ganada para las blancas.} 1. d4
Nf6 2. c4 e6 3. g3 {Seguramente no vamos a equivocarnos si decimos que B.
Gelfand es el mayor experto en la Apertura Catalana.} d5 4. Bg2 Bb4+ 5. Bd2 Be7
{La idea de esta jugada es sobradamente conocida. La casilla d2 es para el
caballo y las blancas deben buscar otra casilla para el alfil, lo que
teóricamente significa la pérdida de un tiempo.} 6. Nf3 O-O 7. O-O c6 8. Bf4
Nbd7 9. Qc2 Nh5 10. Bc1 Nhf6 {Después de este pequeño rifirrafe en la apertura,
las aguas vuelven a su cauce y empieza otra fase de la partida.} 11. Nbd2 b6
12. e4 dxc4 $6 {Cuando Micky tiene la elección de tomar uno de los peones,
suele preferir tomar el peón de su derecha y a veces pienso que el gusto de
Adams está determinado por su origen británico, donde el volante los coches
está a la derecha y por consiguiente el tráfico va al contrario que en el
resto de los países europeos. Pueden tomar esto como una broma, pero un refrán
dice que con la broma se expresa una parte de la verdad. De todas formas, la
última jugada de Micky es novedad. Anteriormente las negras preferían otra
continuación:} (12... Bb7 13. e5 Ne8 14. cxd5 (14. b3) 14... cxd5 15. Nb1 Rc8
16. Nc3 b5 17. Qd3 a6 18. h4 {con iniciativa en el flanco de rey.}) 13. Nxc4
Bb7 14. Bf4 c5 15. Rfe1 cxd4 {diagrama} 16. Nd6 $1 {Esta casilla se convierte
en una base fundamental para las piezas blancas y las próximos acontecimientos
importantes van a pasar por este punto vulnerable en el campo contrario.} d3 ({
Ya no me sorprende en absoluto que Fritzi ofrezca otra continuación más
sensata para defender laposición} 16... Bxd6 $1 17. Bxd6 e5 18. Bxf8 Rc8 19.
Qa4 Kxf8 20. Nd2 Nc5 {con compensación.}) 17. Qxd3 Nc5 18. Qd4 Nh5 ({Después de
} 18... Ba6 19. Rad1 Nh5 {las blancas están mejor tanto con} 20. e5 ({como con
} 20. Be3 Nd3 21. Rxd3 Bxd3 22. e5 Ba6 23. Qa4 Bxd6 24. Qxa6 Bc5 25. g4) 20...
Nxf4 21. gxf4 Bxd6 22. exd6) 19. Nxb7 Nxb7 ({Pierde} 19... Qxd4 20. Nxd4 Nxf4
21. gxf4 Nxb7 {por} 22. e5) 20. Bd2 Nf6 21. Rad1 Qe8 $6 ({Creo que} 21... Qc8
$5 {es mejor que la jugada de la partida, por ejemplo:} 22. e5 Rd8 23. Rc1 $1 (
23. Qh4 Nd5 24. Bg5 Bxg5 25. Nxg5 h6 26. Ne4 {no parece grave para las negras})
23... Rxd4 $1 ({en caso de} 23... Nc5 24. Qc4 $1 (24. Qh4 Nd5 25. Bg5 Qd7 {
es OK}) 24... Nd5 25. b4 Na4 26. Qg4 Qd7 27. Nd4 Rac8 28. b5 Nc5 29. Nc6 {
con gran ventaja}) 24. Rxc8+ Rxc8 25. Nxd4 Nd5 {aunque las blancas mantienen
ventaja a largo plazo, la posición me parece bastante defendible para Adams.})
22. e5 Nd5 (22... Rd8 $2 23. exf6 Rxd4 24. fxe7 Qxe7 25. Nxd4 {
y las blancas consiguen ventaja decisiva.}) 23. Ng5 h6 {El jugador británico
decide sacrificar el peón central para quitarse de encima las piezas blancas
que podían ser muy molestas en la variante} (23... Rd8 24. Qe4 Bxg5 25. Bxg5
Rd7 26. Qg4 Kh8 27. Rd4 {con idea de Qh3-Rh4}) 24. Bxd5 exd5 25. Qxd5 Bxg5 26.
Bxg5 Nc5 27. Be3 Ne6 {Probablemente las negras querían cambiar las torres y
montar la resistencia con dama y caballo contra la dama y alfil de su
adversario, pero este plan es muy difícil de realizar.} 28. Qe4 Qb5 29. b3 Rad8
{diagrama} 30. Rd6 $1 {Como hemos explicado, el punto d6 se ha convertido en
la casilla base para las piezas blancas y eso impide realizar las operaciones
que planea su rival.} Rfe8 31. Red1 Qe2 32. R1d2 ({También era posible} 32.
Rxd8 Rxd8 (32... Nxd8 33. Rd7 Qb5 34. Qf5 Qa5 35. a4 {
paraliza las piezas negras}) 33. Rxd8+ Nxd8 34. Qd5 Ne6 35. Qa8+ Kh7 36. Qxa7
Qd1+ 37. Kg2 Qd5+ 38. f3 Qxe5 39. Bxb6) 32... Qe1+ 33. Kg2 Rc8 34. Qg4 Rc1 35.
Rd1 Rxd1 36. Rxd1 Qa5 37. Bxh6 Qxa2 $2 {Había que jugar} (37... Qxe5) 38. Rd6
$1 {Otra vez la casilla d6. Esta vez la intervención de las blancas por este
punto es fatal para el jugador inglés.} Re7 39. Bxg7 1-0

[Event "Corus A"]
[Site "Wijk aan Zee NED"]
[Date "2006.01.16"]
[Round "3"]
[White "Ivanchuk, Vassily"]
[Black "Anand, Viswanathan"]
[Result "0-1"]
[WhiteElo "2729"]
[BlackElo "2792"]
[Annotator "Ubilava, E"]
[PlyCount "56"]
[EventDate "2006.01.14"]
[Source "EDAMI"]
[SourceDate "2006.12.20"]

{Intenté hacer la radiografía de la presente partida, porque en uno de mis
encuentros, con negras contra M.Oratovsky, tuve graves problemas para igualar
en esa variante. Una apertura muy fina que requiere un orden preciso y sutil
para escapar vivo de las amenazas de las blancas. Creo que Vishy lo ha hecho
bastante bien, solo tengo dudas acerca de si las negras podían hacerlo aún
mejor, jugando 20...Rxd1, pero después de un par de jugadas, Ivanchuk comete
un grave error y las negras salieron, no sólo ilesas sino victoriosas de este
nada fácil encuentro.} 1. Nf3 Nf6 2. c4 c5 3. Nc3 Nc6 4. e3 e5 5. Be2 d5 6. d4
exd4 7. exd4 Be6 8. Be3 dxc4 9. Qa4 (9. O-O {
es la jugada más empleada en esta posición} cxd4 10. Nxd4 Nxd4 11. Bxd4 Be7 12.
Qa4+ Qd7 {en la partida clave de esta variante las negras enseñan sus recursos}
13. Qxd7+ Nxd7 $1 14. Bxg7 Rg8 15. Bd4 O-O-O 16. Rac1 Bh3 $1 (16... Kb8 17. f4
f5 18. Nb5 a6 19. Ba7+ Ka8 20. Nc7+ Kxa7 21. Nxe6 Rc8 22. Bxc4 Rg6 23. Bb3) 17.
Bf3 Rxg2+ 18. Kh1 Rg5 19. Rfe1 Bc5 20. Ne4 Rf5 21. Rxc4 Rxf3 22. Bxc5 Nxc5 23.
Ng5 Rf5 24. Nxh3 {con igualdad. Topalov-Leko, Amber-rapid 2002}) 9... cxd4 10.
Nxd4 Bd7 11. Qxc4 Rc8 {Los cambios inmediatos no igualan la posición:} (11...
Nxd4 12. Bxd4 Be7 13. Rd1 O-O 14. O-O Be6 15. Qb5 Qc7 16. Rfe1 a6 17. Qb6 Qxb6
18. Bxb6 Nd7 19. Be3 Ne5 20. Nd5 {y las blancas siguen presionando}) 12. O-O
Bd6 (12... Be7 {pierde un peón después de} 13. Nxc6 Bxc6 14. Rfd1 Qa5 15. Nb5
Bd7 16. Qd3 O-O 17. Nxa7) 13. Nxc6 ({Parece más difícil encontrar la igualdad
para las negras después del salto del caballo a b5:} 13. Ndb5 $1 Be7 (13... Bb8
$2 {es dudoso por} 14. Bc5 Ne7 ({en caso de} 14... Be6 15. Qa4 ({también vale} 
15. Qh4 Ng4 16. Qxd8+ Rxd8 17. Rfe1 Nf6 18. Bf3 {
y el rey negro no puede enrocar}) 15... a6 16. Rfd1 Qa5 17. Nd6+ Bxd6 18. Bxd6
Qxa4 19. Nxa4 Ne4 20. Ba3 {las blancas están mejor.}) 15. Qb4 {
y es difícil sobrevivir en esta situación}) 14. Qf4 $1 ({no es suficiente} 14.
Rad1 O-O 15. Nd6 Bxd6 16. Rxd6 Ne7 17. Qb3 Nf5 {con igualdad}) 14... O-O 15.
Rad1 {es mejor que} (15. Nxa7 Nxa7 16. Bxa7 b6 17. Bf3 Bc5 ({también funciona} 
17... Be6 18. Rfd1 Nd7 19. Nd5 Bxd5 20. Rxd5 Qc7 21. Qxc7 Rxc7 22. Rad1 Nf6 23.
Bxb6 Nxd5 24. Bxd5 Rc2) 18. b4 Be7 ({no vale} 18... Bxf2+ 19. Rxf2 Rxc3 20. Qd4
$18 {ganando}) 19. Rac1 Re8 20. Rfd1 Bf8 21. a4 Qe7 {con buena partida}) 15...
Qa5 16. a3 {con dominio de las piezas blancas}) 13... Rxc6 ({
No es fácil enseñar el camino correcto hacia la ventaja después de} 13... Bxc6
{pero Fritzi es infalible} 14. Nb5 a6 15. Na7 Rc7 16. Bb6 Bd5 17. Bxc7 Bxc7 18.
Qa4+ Qd7 19. Nb5 $1 axb5 20. Bxb5 Bc6 21. Rad1 Nd5 22. Qa8+ Bd8 23. Rfe1+ Kf8
24. Re5 {destrozando la posición adversaria}) 14. Qh4 O-O 15. Bxa7 {Finalmente
el gran maestro ucraniano decide tomar el peón en a7, la manzana de la
discordia de esta variante. No era suficiente} (15. Bf3 Rc8 16. Rad1 Qc7 17.
Bd4 Be5 {con igualdad}) 15... b6 16. Rad1 Bc5 17. b4 Be7 18. Qd4 Rd6 19. Qc4
Be6 20. Qa6 Nd5 (20... Rxd1 {igualaba la partida} 21. Rxd1 Qc8 22. Qxc8 Rxc8
23. Nb5 Bxb4 24. Bxb6 Bxa2 {con un pacífico apretón de manos inmediato}) 21.
Nxd5 Bxd5 {diagrama} 22. Rfe1 $2 {La fortuna sonrie a Vishy,} ({
Vasily tenia otra jugada mejor} 22. Rxd5 $5 {por ejemplo:} Rxd5 23. Bxb6 Qb8
24. Qc4 Rf5 $1 {esta jugada me parece mejor que} (24... Rd7 25. Bc5 Bxc5 (25...
Rc7 26. Rd1 Rfc8 27. Bg4 Bxc5 28. bxc5 Rd8 29. Rxd8+ Qxd8 30. g3) 26. bxc5 Qc7
27. c6 Rd6 28. Bf3 {y sólo las blancas pueden buscar la victoria}) 25. Qc2 g6
26. Be3 Qxb4 {las negras están mejor}) ({
Otra opción interesante para las blancas era la jugada} 22. b5 $5 Qd7 {o} (
22... Qa8 23. Bxb6 Rxb6 24. Qxb6 Bxg2 25. Rfe1 Bb4 26. Qa6 Qe4 27. Qc6 {
las blancas deben ganar}) (22... Qc7 23. Rxd5 Rxd5 24. Qxb6 (24. Bxb6 Qe5 25.
Bc4 Rd6 26. Bc7 Rxa6 27. Bxe5 Ra4 28. Rc1 {
y el peón "b" puede causar muchos problemas}) 24... Qc2 25. Bf3 Re5 26. Qa6 Re6
27. Bc6 Rd8 28. Be3 Rd1 29. g3 Rxf1+ 30. Kxf1 Qd1+ 31. Kg2 Rxe3 {
tablas por jaque continuo}) 23. Rxd5 Rxd5 24. Bxb6 Re5 25. Be3 {
todavía con dificultades para el bando negro}) 22... Rg6 $1 {Después de esta
intervención de la torre, las negras ganan un tiempo decisivo y el cuadro de
la partida cambia drásticamente.} 23. g3 Bxb4 24. Bc4 (24. Rf1 Qa8 {
gana casi inmediatamente}) 24... Bxe1 25. Bxd5 Qe7 {
No hace falta filosofar en una posición ganada después de} (25... Bxf2+ 26.
Kxf2 Rd6 27. Qb5 Qc7) 26. a4 Rf6 27. f4 Qe3+ 28. Kh1 Bxg3 0-1

[Event "Corus A"]
[Site "Wijk aan Zee NED"]
[Date "2006.01.17"]
[Round "4"]
[White "Van Wely, Loek"]
[Black "Topalov, Veselin"]
[Result "0-1"]
[WhiteElo "2647"]
[BlackElo "2801"]
[Annotator "Ubilava, E"]
[PlyCount "86"]
[EventDate "2006.01.14"]
[Source "EDAMI"]
[SourceDate "2006.12.20"]

{El campeón del mundo de la FIDE tiene una base teórica muy sólida, acorde con
su concepto ajedrecístico y su estilo agresivo y universal. La apertura que
elige V.Topalov contra Van Wely es actual y teóricamente importante. Después
del sacrificio de calidad que realizan las negras, el gran maestro holandés
introduce una nueva jugada 13.Ke2 pero es más que evidente la compensacion del
jugador búlgaro. Las piezas negras dominan todo el tablero y justifican su
dominio con una ruptura magistral 20... e5!! que deja el rey blanco bajo el
peligro de ser cazado por la artileria  enemiga. Van Wely devolvió material y
parecía que su monarca encontró un refugio seguro; sin embargo, después de una
pequeña reordenacion de las fuezas negras, Veselin montó de nuevo su ataque,
obligando al rey blanco a una rendición sin condiciones.} 1. d4 d5 2. c4 c6 3.
Nf3 Nf6 4. Nc3 a6 5. a4 e6 6. Bg5 h6 7. Bh4 dxc4 8. e3 b5 9. axb5 cxb5 10. Bxf6
gxf6 11. Nxb5 axb5 12. Rxa8 Bb4+ 13. Ke2 {Viendo esta posición me pregunto por
qué las blancas se meten en una apertura tan dudosa por su propia voluntad y
sobre todo contra un jugador que busca y desarrolla la iniciativa con una
tremenda fuerza. Teóricamente, la última jugada es una novedad, pero tampoco
convence mucho lo que hacian anteriormente las blancas, a pesar de un
resultado positivo.} (13. Nd2 Bb7 14. Ra1 Rg8 15. Be2 Rxg2 16. Kf1 Bxd2 17.
Qxd2 Qd5 $6 18. f3 Qg5 19. h4 Qg6 20. d5 $1 Nd7 21. dxe6 fxe6 22. Rd1 Bc6 23.
Bd3 $1 cxd3 24. Qxg2 Qf5 25. Kf2 Ne5 26. Rh3 h5 27. Qg8+ $2 Ke7 28. Rg1 Qxh3
29. Rg7+ Kd6 30. Qf8+ Kd5 31. Qd8+ Bd7 32. Rxd7+ Nxd7 33. Qxd7+ Kc5 $2 34. Qc7+
Kd5 35. e4+ {1:0 D.Marovic-A.Pomar 1969. Para mi no hay duda de que existen
caminos muy interesantes para las negras que demuestren, como mínimo,
compensación. Algo huele mal en toda esta variante para las blancas, pero
simplemente no voy a quitar el placer de encontrar otros caminos adecuados
para el bando negro a los que estén interesados en esa continuación.}) 13...
Bb7 14. Ra1 f5 ({Probablemente en caso de} 14... Nd7 {
el caballo blanco debería buscar otra ruta para echar el alfil negro de b4} 15.
Ne1 {con idea de Nc2}) 15. Ne5 ({También era posible} 15. Ne1 f4 16. Nc2 Bd6 {
con compensación}) 15... Rg8 16. f4 Nc6 $1 {
Supongo que aquí es cuando Topy encontró la idea de la ruptura ...e5.} 17. Nf3
({Después de} 17. Nxc6 Bxc6 18. Kf2 {funciona} e5 $3 19. fxe5 (19. dxe5 Qh4+
20. Kg1 Qxf4 $3 21. Qe2 Bc5 22. Re1 Qxe5 {
y podemos decir que las blancas se encuentran en una posición de zugzwang})
19... Qh4+ 20. Kg1 f4 21. h3 {el camino de Fritzi} f3 22. Rh2 Qe4 23. Qc1 fxg2
24. Be2 Rg3 {ganando}) 17... Na5 18. Kf2 Nb3 19. Ra7 (19. Be2 {
sería un reconocimiento de la ventaja de las negras}) 19... Be4 20. Ra2 {
diagrama} e5 $3 {A veces las jugadas geniales tienen pinta de ser absurdas,
pero cuando comprendes toda la idea, quedas impresionado} 21. fxe5 f4 22. Be2 (
22. exf4 Bxf3 23. gxf3 (23. Kxf3 Qd5+ 24. Kf2 Bd2 25. Qf3 Qxd4+ 26. Ke2 Nc1+
27. Kd1 Bxf4+ 28. Kc2 Nxa2) 23... Bd2 24. Bh3 Bxf4 {
y no hay defensa alguna contra las amenazas Qh4+ y Nc1+}) 22... fxe3+ 23. Kxe3
Qd5 ({Increíblemente} 23... Bd2+ {no gana} 24. Kf2 (24. Nxd2 Qxd4+ 25. Kf4 Bd5+
26. Kf5 Be6+ 27. Kf6 Rg6#) 24... Bxf3 25. Bxf3 Qxd4+ 26. Kf1 Qd3+ 27. Kf2 Be3+
28. Ke1 {con tablas}) 24. g3 ({
Fritzi ofrece otro camino para defender la partida} 24. Rg1 $5 Nxd4 25. Nxd4
Qxe5 $1 (25... Bc5 {no parece suficiente} 26. Bf3 Bxf3 27. Qxf3 Qxd4+ 28. Ke2
Qxe5+ 29. Kd1 Ke7 (29... Bxg1 30. Ra8+ Ke7 31. Rxg8 Bxh2) 30. Rf1 Rd8+ 31. Kc1)
26. Nf3 Bxf3+ ({también es atractivo} 26... Bc5+ 27. Kd2 Qf4+ 28. Ke1 Bxg1 29.
Nxg1 Qe3 30. Nh3 Rxg2 31. Ra3 Bd3 32. Rxd3 cxd3 33. Qxd3 Qc1+ 34. Bd1 Rxb2 {
con gran ventaja}) 27. Kxf3 Qf5+ 28. Ke3 Bc5+ 29. Kd2 Ke7 30. Re1 Rd8+ 31. Bd3+
Kf8 32. Kc1 Rxd3 33. Qc2 Kg7 {
y la iniciativa de las negras parece más que suficiente para ganar la partida})
24... Nxd4 25. Nxd4 Bxh1 ({Es interesante} 25... Qxe5 26. Nf3 Bc5+ 27. Kd2 c3+
$1 28. bxc3 Qd5+ 29. Ke1 Qxa2 {pero la jugada de la partida me gusta más}) 26.
Bf3 Qxe5+ 27. Kf2 Bc5 28. Bxh1 ({Pierde} 28. Ra8+ Ke7 29. Rxg8 Bxd4+ 30. Kf1 {
por} Qe3) 28... Bxd4+ 29. Kf1 Rg5 30. Bf3 Kf8 31. Kg2 Qe3 (31... Bxb2 32. Ra8+
Kg7 33. Qd8 Kh7 34. Qd7 Qe6 {también parece suficiente para ganar la partida,
pero Topalov no quiere dar ninguna opción a su rival y prefiere mantener las
damas.}) 32. Kh3 Kg7 33. b3 cxb3 34. Ra3 b4 35. Rxb3 Bc3 36. Qe2 Qc5 37. Qd3
Qc8+ 38. Kg2 Ra5 {
Las negras reactivan otra vez sus piezas para montar el ataque} 39. Qc2 Qe6 40.
Qb1 {Dudo que} (40. Rxc3 bxc3 41. Qxc3+ Re5 {
diera posibilidades de salvar la partida}) 40... Ra1 41. Qc2 {diagrama} Bd4 $1
42. Bd1 (42. h4 {pierde por una espectacular respuesta} Rh1 $1) ({y después de
} 42. h3 {gana} Rg1+ 43. Kh2 Qe1) 42... Qe1 43. Bf3 Qf1# 0-1